[Event "Vladimir op-B"]
[Site "Vladimir"]
[Date "2008.08.20"]
[Round "8"]
[White "Suhotskov, Sergey"]
[Black "Sharbatian, Ruben"]
[Result "1-0"]
[WhiteElo "2046"]
[BlackElo "2138"]
[PlyCount "87"]
[EventDate "2008.08.12"]
[EventType "swiss"]
[EventRounds "10"]
[EventCountry "RUS"]
[SourceTitle "CBM 126 Extra"]
[Source "ChessBase"]
[SourceDate "2008.11.05"]
[SourceVersion "1"]
[SourceVersionDate "2008.11.05"]
[SourceQuality "1"]

1. Nf3 d5 2. c4 d4 3. g3 c5 4. Bg2 Nc6 5. d3 Nf6 6. 0-0 g6 7. e4 Bg7 8. Ne1 e5 9. f4 exf4 10. gxf4 0-0 11. Nd2 Ng4 12. Nc2 Ne3 13. Nxe3 dxe3 14. Nb3 Nb4 15. Bxe3 Nxd3 16. e5 Nxb2 17. Qc2 Na4 18. Nxc5 Nxc5 19. Bxc5 Re8 20. Bd6 Bf5 21. Qb3 b6 22. Rac1 Rc8 23. Bb7 Be6 24. Bxc8 Qxc8 25. Rf3 Rd8 26. Qb4 Qc6 27. Kf2 Bg4 28. Rg3 h5 29. c5 Bh6 30. h3 Bf5 31. Rc4 bxc5 32. Qxc5 Qh1 33. Qxa7 Bxf4 34. Rxf4 Rc8 35. Bc5 Qh2+ 36. Kf3 Qh1+ 37. Rg2 Be6 38. Rd4 Bxh3 39. Rdd2 Qf1+ 40. Rgf2 Bg4+ 41. Ke3 Qe1+ 42. Kf4 g5+ 43. Kxg5 Qxe5+ 44. Kh4 1-0

[Event "Vladimir op-B"]
[Site "Vladimir"]
[Date "2008.08.15"]
[Round "4"]
[White "Suhotskov, Sergey"]
[Black "Tsybulnik, Andrei"]
[Result "0-1"]
[WhiteElo "2046"]
[BlackElo "2283"]
[PlyCount "63"]
[EventDate "2008.08.12"]
[EventType "swiss"]
[EventRounds "10"]
[EventCountry "RUS"]
[SourceTitle "CBM 126 Extra"]
[Source "ChessBase"]
[SourceDate "2008.11.05"]
[SourceVersion "1"]
[SourceVersionDate "2008.11.05"]
[SourceQuality "1"]

1. e4 c6 2. d4 d5 3. Nc3 dxe4 4. Nxe4 Bf5 5. Ng3 Bg6 6. h4 h6 7. Nh3 e6 8. Nf4 Bh7 9. Bc4 Nf6 10. Bxe6 fxe6 11. Nxe6 Qd7 12. 0-0 Kf7 13. Re1 Na6 14. f4 Re8 15. f5 Bxf5 16. Nxf5 Rxe6 17. Rf1 g6 18. Ne3 Kg7 19. c4 Nc7 20. b3 Be7 21. h5 Nxh5 22. d5 cxd5 23. cxd5 Ra6 24. Ng4 Bc5+ 25. Be3 Bxe3+ 26. Nxe3 Kh7 27. Rf3 Rf6 28. g4 Rxf3 29. Qxf3 Ng7 30. Rf1 Re8 31. g5 h5 32. Kf2 0-1